| 000 | 01831nam0a2200361 4500 | ||
|---|---|---|---|
| 001 | RU\NLR\bibl\1190814 | ||
| 005 | 20260405182703.0 | ||
| 010 |
_a978-5-89070-593-8 _9300 |
||
| 021 |
_aRU _b2007-92450 _94998 |
||
| 035 | _a(NLR Aleph) 001177368 | ||
| 090 |
_a1635509 _c1635509 |
||
| 100 | _a20080220d2006 |||y0rusy50 ca | ||
| 101 | 0 | _arus | |
| 102 | _aRU | ||
| 105 | _aa ||||||||| | ||
| 200 | 1 |
_aФормирование системы управления коммуникационным комплексом фирмы _fН.Н. Егорова, Л.Б. Нюренбергер, М.В. Артамонова _gФедер. агентство по образованию, Гос. образоват. учреждение высш. проф. образования "Кузбас. гос. техн. ун-т" |
|
| 210 |
_aКемерово _cКузГТУ _d2006 |
||
| 215 |
_a114, [1] с. _cил. _d20 |
||
| 320 | _aБиблиогр.: с. 106-114 (153 назв.) | ||
| 606 | 1 |
_aСфера услуг _xМаркетинг _xУправление _92237006 _3RU\NLR\auth\661342453 |
|
| 606 | 1 |
_aМаркетинговые коммуникации _92118506 _3RU\NLR\auth\661279549 |
|
| 686 | _aУ49(0)-361.4 | ||
| 686 | _aУ49(2)-361.4 | ||
| 700 | 1 |
_4070 _8rus _7ca _aЕгорова _bН. Н. _cканд. экон. наук, туризм и сервис _gНаталья Николаевна _3RU\NLR\auth\7779373 _962301 |
|
| 701 | 1 |
_aНюренбергер _bЛ. Б. _gЛариса Борисовна _4070 |
|
| 701 | 1 |
_4070 _7ca _8rus _aАртамонова _bМ. В. _cканд. экон. наук _gМарина Владимировна _9168011 _3RU\NLR\AUTH\770168059 |
|
| 801 | 0 |
_aRU _bNLR _c20080220 _gRCR |
|
| 801 | 1 |
_aRU _bNLR _c20080220 |
|
| 830 | _aавт. по кн. | ||
| 942 | _cBOOK | ||
| 980 | _aNB | ||